| 000 | 00741nam a22002657a 4500 | ||
|---|---|---|---|
| 008 | 130825b xxu||||| |||| 00| 0 eng d | ||
| 020 | _a81-265-0364-5 | ||
| 037 |
_a _bbuy _cavailable |
||
| 040 |
_aMBSTU Library _dMBSTU Library |
||
| 082 |
_222 _a005.262 JOO |
||
| 100 | _aN M Josuttis | ||
| 110 | _a | ||
| 245 | _aObject oriented programming in turbo C ++ | ||
| 250 | _a | ||
| 260 |
_aEngland _bJohn Willey and Sons _c2003 |
||
| 300 |
_a18 cm _b610 page _f5 _g18 cm |
||
| 600 | _aProgramming Language | ||
| 610 | _a C++ | ||
| 700 | _aN M Josuttis | ||
| 710 | _a | ||
| 270 |
_aEngfland _bEngfland _dUK |
||
| 365 |
_b385.00 _d385.00 |
||
| 942 |
_2ddc _cBK |
||
| 999 |
_c618 _d618 |
||